Członkowie Ligi Państw Arabskich z mapą - Statystyki

Ogólne statystyki
  • Ten quiz został rozwiązany 17 razy
  • Średni wynik to 21 z 22
Odpowiedzi na mapie
Odpowiedzi zakodowano w zielono-czerwonej skali na mapie do tego quizu, zgodnie z poniższymi procentami.
 
Statystyki odpowiedzi
Państwa % Poprawnych
Algieria
100%
Arabia Saudyjska
100%
Egipt
100%
Jemen
100%
Katar
100%
Libia
100%
Maroko
100%
Oman
100%
Somalia
100%
Sudan
100%
Syria
100%
Tunezja
100%
Zjednoczone Emiraty Arabskie
100%
Bahrajn
92%
Dżibuti
92%
Irak
92%
Jordania
92%
Kuwejt
92%
Palestyna
92%
Komory
85%
Liban
85%
Mauretania
85%
Nie znaleziono quizów pasujących do podanych kryteriów
Rozkład punktacji
Procent ludzi z każdym wynikiem
Percentyl według liczby udzielonych odpowiedzi
Twoja historia wyników
Nie rozwiązałeś tego quizu